| 000 | 01177nam a2200241Ia 4500 | ||
|---|---|---|---|
| 003 | Ost | ||
| 005 | 20260507075352.0 | ||
| 008 | 260507s9999||||xx |||||||||||||| ||und|| | ||
| 040 | _cfsecg | ||
| 041 | _aara | ||
| 082 | _a330 | ||
| 100 |
_aأبو حمد، رضا صاحب _eمؤلف |
||
| 245 | 0 |
_aالإقتصاد الإداري / _c رضا صاحب أبو حمد |
|
| 260 |
_aعمان: _bدارزهران للنشر والتوزيع, _c2013 |
||
| 300 |
_a280 صفحة؛ _bإيضاحات ؛ _c24 سم |
||
| 520 | _aالإقتصاد الإداري وعلاقته بالإقتصاد والإدارة- تحليل نظرية الطلب- هيكل الأسواق مع التركيز على سوق احتكار القلة- نظرية التكاليف- نظرية الإنتاج- تحليل نظرية الارباح- الإنتاجية والحوافز- البعد الإقتصادي وإدارة الجودة الشاملة والإيزو | ||
| 653 | _aإدارة الأعمال | ||
| 653 | _aالإدارة | ||
| 653 | _aالإقتصاد | ||
| 653 | _aضبط الجودة | ||
| 700 |
_aالفضل، مؤيد عبد الحسين _eمؤلف ثانوي |
||
| 942 | _cكتاب | ||
| 999 |
_c44152 _d44152 |
||